|
|
|
|
| LEADER |
01228nam a2200277 a 4500 |
| 001 |
2882 |
| 003 |
BD-DhAAL |
| 005 |
20150418120221.0 |
| 008 |
150418s1998 miua b 001 0 eng |
| 010 |
|
|
|a 98019708
|
| 020 |
|
|
|a 0472109359 (alk. paper)
|
| 040 |
|
|
|a DLC
|c DLC
|d DLC
|d BD-DhAAL
|
| 050 |
0 |
0 |
|a KF300
|b .K75 1998
|
| 082 |
0 |
0 |
|a 340/.023/73
|2 21
|
| 100 |
1 |
|
|a Kritzer, Herbert M.,
|d 1947-
|9 10519
|
| 245 |
1 |
0 |
|a Legal advocacy :
|b lawyers and nonlawyers at work /
|c Herbert M. Kritzer.
|
| 260 |
|
|
|a Ann Arbor :
|b University of Michigan Press,
|c c1998.
|
| 300 |
|
|
|a xiv, 269 p. :
|b ill. ;
|c 24 cm.
|
| 504 |
|
|
|a Includes bibliographical references (p. 225-262) and index.
|
| 505 |
0 |
|
|a Does it really take a lawyer? -- Unemployment compensation appeals -- The Wisconsin Tax Appeals Commission -- Social security disability appeals -- Labor grievance arbitration -- Advocacy today and advocacy in the twenty-first century.
|
| 541 |
|
|
|e 2882
|
| 650 |
|
0 |
|a Practice of law
|z United States.
|9 10520
|
| 653 |
|
|
|a Practice of law by non-lawyers
|
| 942 |
|
|
|2 ddc
|c BK
|
| 999 |
|
|
|c 34263
|d 34263
|
| 952 |
|
|
|0 0
|1 0
|2 ddc
|4 0
|6 340_023730000000000_KRI
|7 0
|9 53490
|a SCL
|b SCL
|c GEN
|d 2015-04-18
|l 0
|o 340.02373 KRI
|p 3020002882
|r 2015-04-18
|t 1
|w 2015-04-18
|y BK
|